| 000 | 00746nam a2200241 a 4500 | ||
|---|---|---|---|
| 005 | 20210219153014.0 | ||
| 008 | 991125n 000 0 eng u | ||
| 035 | _aUPN01000072636 | ||
| 100 | 1 | _aForns Santacana, María | |
| 222 | _aPSYCHOLOGY IN THE SCHOOLS | ||
| 245 | _aDifferences in field dependence-independence cognitive style as a function of socioeconomic status, sex and cognitive competence | ||
| 300 | _a176-186 | ||
| 362 | 0 | _a1993 Vol. 30, no. 2 | |
| 653 | 0 | _aDIFERENCIAS SEXUALES | |
| 653 | 0 | _aESTILO COGNOSCITIVO | |
| 653 | 0 | _aHABILIDAD COGNITIVA | |
| 700 | 1 | _aAmador Campos, Juan Antonio | |
| 700 | 1 | _ecoaut. | |
| 700 | 1 | _aRoig López, Francesca, | |
| 700 | 1 | _ecoaut. | |
| 904 |
_aAC _b010447 |
||
| 905 | _aArticulo | ||
| 999 |
_c66028 _d66028 |
||